000
00330nam a2200145Ia 4500
005
20251222144703.0
008
251222s9999||||xx |||||||||||||| ||spa||
020
_a
84-7509-567-4
082
_a
371.148/A64
100
_a
Apple, Michael W.
245
0
_a
Maestros y Textos:
250
_a
1989
264
_b
Paidós
942
_c
LIB
999
_c
17542
_d
17542